Search the Library Catalogue
| 000 -LEADER | |
|---|---|
| fixed length control field | 00423nam a2200157 a 4500 |
| 008 - FIXED-LENGTH DATA ELEMENTS--GENERAL INFORMATION | |
| fixed length control field | 260416s2026##################000#0#eng## |
| 020 ## - INTERNATIONAL STANDARD BOOK NUMBER | |
| ISBN | 9780406000538 |
| 082 04 - DEWEY DECIMAL CLASSIFICATION NUMBER | |
| Classification number | 348.42 |
| Item number | ALLR |
| 100 ## - MAIN ENTRY--AUTHOR NAME | |
| Personal name | Bridgeman, G F L |
| 245 10 - TITLE STATEMENT | |
| Title | Error - Book not found in Google Books : |
| Statement of responsibility, etc | G F L Bridgeman |
| 260 ## - PUBLICATION, DISTRIBUTION, ETC. (IMPRINT) | |
| Place of publication | london: |
| Name of publisher | Butterworth, |
| Year of publication | 1934. |
| 300 ## - PHYSICAL DESCRIPTION | |
| Number of Pages | 845p. |
| Dimensions | ;23cm |
| 650 ## - SUBJECT ADDED ENTRY--TOPICAL TERM | |
| Topical Term | Law |
| 942 ## - ADDED ENTRY ELEMENTS (KOHA) | |
| Koha item type | English Books |
| Withdrawn status | Lost status | Damaged status | Not for loan | Home library | Current library | Date acquired | Full call number | Accession Number | Price effective from | Koha item type |
|---|---|---|---|---|---|---|---|---|---|---|
| Anna Centenary Library | Anna Centenary Library | 16.04.2026 | 348.42 ALLR | 401704 | 16.04.2026 | English Books |